00466nam a2200157Ia 450000500170000000800410001708200130005810000170007124500230008826000400011130000120015150000250016394200060018895200990019499900150029320250405171540.0240331s9999 xx 000 0 und d bSIVa894 aSivathambi,K 0aMathamum kavidayum aColombobColombo Tamil Sangamc2000 a32 p ., aMathamum Kavithaikal cL 001040708LaWERCLbWERCLcSSCd2024-03-31l0o 894.811 SIVp6284r2024-03-31w2024-03-31yL c5008d5008